Down maybe (Record no. 81236)

MARC details
000 -LEADER
fixed length control field 01119cab a22002535a 4500
001 - CONTROL NUMBER
control field L146670
008 - FIXED-LENGTH DATA ELEMENTS--GENERAL INFORMATION
fixed length control field 090213e20090117xxk f v 000 0 eng d
035 ## - SYSTEM CONTROL NUMBER
System control number (Sirsi) u146670
041 0# - LANGUAGE CODE
Language code of text/sound track or separate title eng
100 1# - MAIN ENTRY--PERSONAL NAME
Personal name Cohen, Roger
245 00 - TITLE STATEMENT
Title Down maybe
Remainder of title but definitely not out
260 ## - PUBLICATION, DISTRIBUTION, ETC.
Date of publication, distribution, etc. 2009
490 #0 - SERIES STATEMENT
Series statement Estates Gazette
Volume/sequential designation (903) 17 January 2009, 75(1)
520 ## - SUMMARY, ETC.
Summary, etc. Argues that rent review cases will not disappear during the economic downturn. With reference to the latest relevant case law, gives advice for property professionals involved in rent reviews. Highlights the importance of disclosing documents, the use of written submissions and counter-submissions and settling costs (including what happens when a Calderbank offer is beaten).
590 ## - LOCAL NOTE (RLIN)
Local note KA
650 24 - SUBJECT ADDED ENTRY--TOPICAL TERM
Topical term or geographic name entry element CALDERBANK LETTERS
650 24 - SUBJECT ADDED ENTRY--TOPICAL TERM
Topical term or geographic name entry element O'DONOGHUE V ENTERPRISE INNS LTD
650 24 - SUBJECT ADDED ENTRY--TOPICAL TERM
Topical term or geographic name entry element JD WETHERSPOON PLC V JAY MAR ESTATES
650 24 - SUBJECT ADDED ENTRY--TOPICAL TERM
Topical term or geographic name entry element DODDS V WEST REGISTER(PUBLIC HOUSES III) LTD
650 24 - SUBJECT ADDED ENTRY--TOPICAL TERM
Topical term or geographic name entry element MORGAN V UPS
651 #4 - SUBJECT ADDED ENTRY--GEOGRAPHIC NAME
Geographic name England and Wales
Chronological subdivision 1543-
690 ## - LOCAL SUBJECT ADDED ENTRY--TOPICAL TERM (OCLC, RLIN)
Topical term or geographic name as entry element PROPERTY-LANDLORD AND TENANT-TENANCIES-TENANCY RENT REVIEW
942 ## - ADDED ENTRY ELEMENTS (KOHA)
Suppress in OPAC 0
Holdings
Withdrawn status Lost status Source of classification or shelving scheme Damaged status Not for loan Home library Current library Shelving location Date acquired Total Checkouts Full call number Barcode Date last seen Copy number Price effective from Koha item type
    Dewey Decimal Classification     London London Journal article 13/02/2009   L146670 146670-1001 06/08/2019 1 06/08/2019 Journal article